Fountainhead of Jihad : (Record no. 80283)

MARC details
000 -LEADER
fixed length control field 00702nam a22002057a 4500
005 - DATE AND TIME OF LATEST TRANSACTION
control field 20140217155102.0
010 ## - LCCN (DPL NO)
LC control number ENG-108611
020 ## - INTERNATIONAL STANDARD BOOK NUMBER
International Standard Book Number 9789350096369
Terms of availability 650.00
035 ## - SYSTEM CONTROL NUMBER
System control number EN-92144
037 ## - SOURCE OF ACQUISITION
Source of stock number/acquisition DBAD/PUB
082 ## - DEWEY DECIMAL CLASSIFICATION NUMBER
Classification number 363.325095491
100 ## - MAIN ENTRY--PERSONAL NAME
Personal name Brown,Vahid
245 ## - TITLE STATEMENT
Title Fountainhead of Jihad :
Statement of responsibility, etc by Vahid Brown [and] Don Rassler
Remainder of title the Haqqani nexus, 1973-2012 /
260 ## - PUBLICATION, DISTRIBUTION, ETC. (IMPRINT)
Place of publication, distribution, etc Gurgaon
Name of publisher, distributor, etc Hachette Book Publishing
Date of publication, distribution, etc 2013
270 ## - ADDRESS
Address 4th/5th Floors, Corporate Centre, Sector 44
City Gurgaon
Postal code 122003
300 ## - PHYSICAL DESCRIPTION
Extent x,320p. :
Dimensions 22cm(Hb)
Other physical details col. photos
500 ## - GENERAL NOTE
General note Inclues bibliographical references and index
700 ## - ADDED ENTRY--PERSONAL NAME
Personal name Rassler, Don
942 ## - ADDED ENTRY ELEMENTS (KOHA)
Source of classification or shelving scheme Dewey Decimal Classification
Item type English Books
Call number suffix BRO
Classification part 363.325095491
Holdings
Withdrawn status Lost status Not for loan Collection code Home library Current library Date acquired Source of acquisition Cost, normal purchase price Full call number Barcode Copy number Cost, replacement price Koha item type
    Not For Loan Non-fiction D.B.Act.Division D.B.Act.Division 24/10/2013 DBAD/PUB 650.00 363.325095491 BRO EN-92144 1 650.00 English Books

© Delhi Public Library
Hit Counter
free hit counter